000 01106nam a2200313 c 4500
003 BLK
005 20180422095444.0
008 180413b bul|||||r ||||||| ||bul||
010 _aKNG00026328000
020 _a954-9548-06-6
_bиздат.: Авангард принт
040 _aBLK
041 _aBUL
_cBUL
072 7 _2bullib
_aК
_xКраезнание
072 7 _2bullib
_aРА
_xРусенски автори
080 _aБългарска литература
_b821.163.2
_x-1
_z821.163.2-1
100 1 _aЯнева-Медникарова, Дора Стоянова
_eпърви автор
_9365173
139 _aЯнева-Медникарова, Дора Стоянова
_bЯ 54
245 1 0 _aПътуване
_bЛирика
_cДора Стоянова Янева-Медникарова.
257 _aBGR
260 Русе
_bАвангард принт
_c1999
300 _a32 с.
_c20 см
380 _aX
659 _aК
852 _aЦб 200693
856 4 _qpdf
_u
856 4 _qpdf
_u
942 _cKNG
_n0
944 _aCR
_c08.05.2003
_kВаля_Йорданова
944 _aED
_c27.01.2010
_k
999 _c23842
_d23842